| 000 | 00914nam a2200193 a 4500 | ||
|---|---|---|---|
| 008 | 120416s1979 ||||||||||||||||| || u | ||
| 050 | _aJQ 2881 Oll | ||
| 100 | _aOllawa, Patrick E | ||
| 245 | 1 | 0 | _aParticipatory democracy in Zambia |
| 246 | _athe political economy of national development | ||
| 260 |
_aDevon _bStockwell _c[1979] |
||
| 300 | _a520p. | ||
| 350 | _a0.00 | ||
| 650 | _aPOLITICS | ||
| 650 | _aPARTICIPATORY DEMOCRACY--SOUTH AFRICA | ||
| 995 |
_D0.00 _FCBU-MAIN LIBRARY (Kitwe) _H2 _I0.00 _M2 _UAVAILABLE _ZMain Library Open Access Collection |
||
| 995 |
_D0.00 _FCBU-MAIN LIBRARY (Kitwe) _H1 _I0.00 _M1 _UAVAILABLE _ZMain Library Open Access Collection |
||
| 995 |
_D0.00 _FCBU-MAIN LIBRARY (Kitwe) _H3 _I0.00 _M3 _UAVAILABLE _ZZambiana Collection |
||
| 999 |
_c81747 _d81747 |
||